000 00885cam a2200265 i 4500
001 17581611
005 20180206043012.0
008 130107s2013 nyu b 001 0 eng
010 _a 2012044768
020 _a9780415810517 (pbk)
020 _z9780203070918 (ebk)
040 _aDLC
_beng
_cDLC
_erda
_dDLC
041 _aeng
042 _apcc
043 _an-us---
080 _a320.473 JON
082 0 0 _a320.473 JON
_223
100 1 _a22
101 _aPOL
245 1 0 _aAnalyzing American democracy :
_cJon R. Bond, Texas A&M University, Kevin B. Smith, University of Nebraska--Lincoln.
504 _aIncludes bibliographical references (pages 680-697) and indexes.
906 _a7
_bcbc
_corignew
_d1
_eecip
_f20
_gy-gencatlg
942 _2ddc
_cBK
999 _c41898
_d41898